00944cam a2200277 a 4500001000500000005001700005020001800022040002300040050001500063082001500078100001600093245006500109250004600174260003400220300005700254505000800311520015400319521002000473521002000493650003900513650002000552650004000572650001400612650001000626650003000636167920250729153225.0 a9780439635820 aDLCcDLCdDLCbeng00aHV2476.H6500a419aE2201 aHolub, Joan10aMy first book of sign language /cillustrated by Joan Holub. aFirst Scholastic printing , February 2004 bScholastic,c1996aNew York : a32 unnumbered pages : bcolor illustrations ;c21 cm aH  aPictures of children demonstrate the forming in sign language of alphabetically arranged words, accompanied by illustrations of the words themselves. a430 bLexile  aH bRaz-Plus  0aSign languagexJuvenile literature 1aFinger spelling 1aSign language.vJuvenile literature 1aAlphabet. 1aDeaf. 1aPeople with disabilities.